Závislosť fyzikálno-mechanických parametrov ultrazvukového zvaru na technologických podmienkach spracovania a typu použitého termoplastu : Diplomová práca

Gespeichert in:
Bibliographische Detailangaben
1. Verfasser: Vajcíková, Katarína (Verfasst von)
Weitere Verfasser: Facinek, Karol (xxx)
Format: Manuskript Buch
Sprache:Slowakisch
Veröffentlicht: Trnava : STU v Bratislave MtF KZaZS, 1993
Schlagworte:
Tags: Tag hinzufügen
Keine Tags, Fügen Sie das erste Tag hinzu!

MARC

LEADER 00000ntm a22000003a 4500
001 stu80596
005 20160719154947.9
008 030527s1993----xo------------------slo-d
040 |a STU  |b slo 
041 0 |a slo 
044 |a xo 
100 1 |a Vajcíková, Katarína  |4 aut 
245 1 |a Závislosť fyzikálno-mechanických parametrov ultrazvukového zvaru na technologických podmienkach spracovania a typu použitého termoplastu :  |b Diplomová práca 
260 |a Trnava :  |b STU v Bratislave MtF KZaZS,  |c 1993 
300 |a 95 s  |c abstr. 
650 7 |a zváranie plastov  |2 stusub 
650 7 |a ultrazvukové zvary  |2 stusub 
650 7 |a strojárske technológie  |2 stusub 
700 1 |a Facinek, Karol  |4 xxx 
996 |b 284M042133  |c M*DP-2133  |l MMSKP  |s P  |a 0  |w stu80596_0001